| 000 | 00865nas a2200265 4500 | ||
|---|---|---|---|
| 001 | BR0102594 | ||
| 003 | BR-BrBNA | ||
| 005 | 20231205102248.0 | ||
| 007 | ta | ||
| 008 | 230509b bl.|||p| |||| 00| 00por d | ||
| 040 |
_aBR-BrBNA _bpor _cBiblioteca Nacional de Agricultura |
||
| 041 | _a(Pt) | ||
| 072 | _aQ04 | ||
| 100 | 1 | _aAgostini, T.S. | |
| 100 | 1 | _aGodoy, H.T. | |
| 245 | 1 | _aDeterminacao de vitaminas do complexo B em alimentos por cromatografia liquida de alta eficiencia - uma revisao | |
| 650 | _aAlimento | ||
| 650 | _aVitamina B | ||
| 650 | _aVitamina B-12 | ||
| 650 | _aCromatografia | ||
| 650 | _aAnalise Quimica | ||
| 773 | 0 |
_tBoletim da Sociedade Brasileira de Ciencia e Tecnologia de Alimentos (Brazil) _xISSN 0101-3637 _g(Jan-Jun 2000), v. 34(11) p. 43-51 _wBR0102594 |
|
| 909 |
_a202311 _bLúcia _c55 _dLúcia Elande |
||
| 942 |
_2AGRIS _n0 _cANA |
||
| 999 |
_c166631 _d166631 |
||